000 006570000a22001810004500
003 MACL
005 20160224132740.0
008 160224b xxu||||| |||| 00| 0 eng d
040 _aMACL
_cMACL
041 _aHindi
082 _a800
100 _aस्‍वर्गीय महामहोपाध्‍याय पंडित रामावतार शर्मा
_940006
245 _aश्रीरामवतारशर्मानिबन्‍धावली
260 _bबिहार राष्‍ट्रभाषा परिषद
_aपटना
350 _a9
650 _aLiteracture
_939932
942 _cHIN
_k800
_2ddc
999 _c23911
_d23911